ბათუმის შოთა რუსთაველის სახელმწიფო უნივერსიტეტის ბიბლიოთეკა

Speech and language therapy : (ბიბ.ჩანაწერი № 58100)

000 -LEADER
fixed length control field 00816cam a2200241 i 4500
001 - CONTROL NUMBER
control field 19806439
005 - DATE AND TIME OF LATEST TRANSACTION
control field 20240415112449.0
008 - FIXED-LENGTH DATA ELEMENTS--GENERAL INFORMATION
fixed length control field 170720s2019 enka b 001 0 eng
020 ## - INTERNATIONAL STANDARD BOOK NUMBER
International Standard Book Number 9781316626719x
041 ## - LANGUAGE CODE
Language code of text/sound track or separate title eng
080 ## - UNIVERSAL DECIMAL CLASSIFICATION NUMBER
Universal Decimal Classification number 616.89-008.434 C-80
100 1# - MAIN ENTRY--PERSONAL NAME
Personal name Cummings, Louise
9 (RLIN) 11970
245 10 - TITLE STATEMENT
Title Speech and language therapy :
Remainder of title a primer /
Statement of responsibility, etc. Louise Cummings.
264 #1 - PRODUCTION, PUBLICATION, DISTRIBUTION, MANUFACTURE, AND COPYRIGHT NOTICE
Place of production, publication, distribution, manufacture New York, NY :
Name of producer, publisher, distributor, manufacturer Cambridge University Press,
Date of production, publication, distribution, manufacture, or copyright notice 2019.
300 ## - PHYSICAL DESCRIPTION
Extent 421 pages :
Other physical details illustrations ;
Dimensions 25 cm.
653 ## - INDEX TERM--UNCONTROLLED
keyword მეტყველების და ენის თერაპია
653 ## - INDEX TERM--UNCONTROLLED
keyword მედიცინა
653 ## - INDEX TERM--UNCONTROLLED
keyword Медицина
653 ## - INDEX TERM--UNCONTROLLED
keyword Речевая и языковая терапия
653 ## - INDEX TERM--UNCONTROLLED
keyword ლოგოპედია
653 ## - INDEX TERM--UNCONTROLLED
keyword Логопедия
942 ## - ADDED ENTRY ELEMENTS (KOHA)
Source of classification or shelving scheme
Koha item type წიგნი
ეგზემპლარები
Withdrawn status Lost status Source of classification or shelving scheme Damaged status Not for loan Permanent Location Current Location Shelving location Date acquired Cost, normal purchase price Full call number Barcode Date last seen Copy number Price effective from Koha item type Public note
          ბათუმის შოთა რუსთაველის სახელმწიფო უნივერსიტეტის მთავარი ბიბლიოთეკა ბათუმის შოთა რუსთაველის სახელმწიფო უნივერსიტეტის მთავარი ბიბლიოთეკა წიგნსაცავი 2024-04-15 123.00 616.89-008.434 C-80 61376 2024-04-15 61376 2024-04-15 წიგნი 123 ლ.